Normal view MARC view

Entry Topical Term

Number of records used in: 1

001 - CONTROL NUMBER

  • control field: 29069

003 - CONTROL NUMBER IDENTIFIER

  • control field: OSt

005 - DATE AND TIME OF LATEST TRANSACTION

  • control field: 20220107163109.0

008 - FIXED-LENGTH DATA ELEMENTS

  • fixed length control field: 220107|| aca||aabn | a|a d

040 ## - CATALOGING SOURCE

  • Original cataloging agency: OSt
  • Transcribing agency: OSt

150 ## - HEADING--TOPICAL TERM

  • Topical term or geographic name entry element: Productivity growth, Manufacturing industries, Transport equipments

670 ## - SOURCE DATA FOUND

  • Source citation: Work cat.: (OSt)518308: Roy, Prasanta Kumar 29068, Estimation and decomposition of productivity growth of the organized manufacturing industries of transport equipments in India: An interstate analysis

Powered by Koha